| 000 | 00975cam a2200289 a 4500 | ||
|---|---|---|---|
| 001 | 000019006 | ||
| 005 | 20200929165912.0 | ||
| 008 | 940330s1993 ck 000 p spa d | ||
| 020 | _a9586121224 | ||
| 035 | _a(DLC) 94138479 | ||
| 040 |
_aDO-SdBNP _cDLC _dBNPHU |
||
| 043 | _as-ck--- | ||
| 082 |
_aC861.3 _bA634p |
||
| 245 | 0 | 0 |
_aAntología de poetas costeños / _cCompilador ; Rómulo Bustos. |
| 260 |
_aBogotá : _bColcultura, _c1993. |
||
| 300 |
_a253 p. ; _c24 cm. |
||
| 490 | 1 |
_aBiblioteca de autores costeños _v1 |
|
| 650 | 4 |
_aPoesía colombiana _ySIGLO XIX _940891 |
|
| 650 | 4 |
_aPoesía colombiana _ySIGLO XX _917037 |
|
| 650 | 4 |
_aLa costa atlántica (colombia) _940892 |
|
| 650 | 4 |
_aLiteratura colombiana _ySIGLO XIX _918383 |
|
| 650 | 4 |
_aLiteratura colombiana _ySIGLO XX _914409 |
|
| 700 | 1 |
_aBustos Aguirre, Rómulo, _d1954- _ecomp. _917633 |
|
| 830 | 0 |
_aBiblioteca de autores costeños ; _v1. _940893 |
|
| 910 | _aCatalogación derivada / LC | ||
| 049 | _aBNGR | ||
| 999 |
_c18524 _d18524 |
||